Statistics for Every X-Factor in Madden 22

Click here to take the quiz!

General Stats

  • This quiz has been taken 139 times
  • The average score is 28 of 50

Answer Stats

HintAnswer% Correct
QB 1Patrick Mahomes
100%
QB 2Tom Brady
95%
QB 8Josh Allen
93%
WR 9Keenan Allen
90%
QB 3Aaron Rodgers
89%
QB 5Lamar Jackson
86%
TE 1Travis Kelce
86%
RB 1Derrick Henry
77%
QB 4Russell Wilson
75%
WR 3Tyreek Hill
75%
RB 5Christian McCaffrey
73%
TE 2George Kittle
71%
RB 6Nick Chubb
71%
WR 6Justin Jefferson
67%
WR 2Davante Adams
64%
WR 5Stefon Diggs
62%
DT 2Chris Jones
60%
DE 1Aaron Donald
59%
LB 4Chandler Jones
59%
TE 3Darren Waller
59%
WR 4Deandre Hopkins
58%
WR 1Cooper Kupp
56%
QB 6Dak Prescott
56%
CB 1Jalen Ramsey
56%
RB 2Jonathan Taylor
56%
QB 7Kyler Murray
53%
LB 1Bobby Wagner
51%
WR 10MIke Evans
51%
RB 4Dalvin Cook
49%
LB 2TJ Watt
49%
RB 3Alvin Kamara
47%
DE 2Myles Garrett
45%
WR 7DK Metcalf
44%
S 1Derwin James
42%
CB 3Stephon Gilmore
41%
CB 4Tre White
41%
LB 6Fred Warner
38%
CB 2Jaire Alexander
37%
LB 8Joey Bosa
37%
DE 6NIck Bosa
37%
LB 7Khalil Mack
36%
LB 5Von Miller
34%
DE 4Cameron Jordan
33%
WR 8Terry McLaurin
33%
S 2Tyrann Mathieu
32%
DE 3Cameron Heyward
29%
DT 1Deforest Buckner
29%
LB 9Lavonte David
29%
LB 3Micah Parsons
29%
DE 5Danielle Hunter
26%

Score Distribution

Percentile by Number Answered

Percent of People with Each Score

Your Score History

You have not taken this quiz